000 00993nam a2200325Ia 4500
001 Para_2408
003 CHAP
008 220125s1989 xx 000 0 und d
010 _a200942
020 _a968 - 884 - 076 - 9
040 _cCHAP
082 _aPA 333.31727 D87
100 _aDurand Alcántara, Carlos
_9165774
245 _aLa lucha campesina en Oaxaca y Guerrero (1978-1987) /
_c Carlos Durand Alcántara
260 _aMéxico :
_b UACh
300 _a197 p.
650 _aCampesinado
_x Guerrero
_918017
650 _aCampesinado
_x Oaxaca
_9165775
650 _aGuerrero
_x Condiciones rurales
_951180
650 _aOaxaca
_x Condiciones rurales
_982477
650 _aTierras
_x Tenencia
_x Guerrero
_9113169
650 _aTierras
_x Tenencias
_x Oaxaca
_9165776
901 _aPA 333.31727 D87
902 _aM
905 _a3232201989 mx a 8000000300spa16
910 _a1989
942 _cPARA
942 _cPARA
_d1
999 _c200942
_d200942